[Event "IECC M email"]
[Site "IECC email"]
[Date "2003.07.01"]
[Round "?"]
[White "Fitterling, Alex"]
[Black "Schultz, Doug"]
[Result "0-1"]
[WhiteElo "1204"]
[BlackElo "1341"]
[PlyCount "46"]
[EventDate "2003.??.??"]
[EventType "tourn (corr)"]
[EventRounds "6"]
[SourceTitle "Corr 2008"]
[Source "ChessBase"]
[SourceDate "2008.06.24"]
[SourceVersion "1"]
[SourceVersionDate "2008.06.24"]
[SourceQuality "1"]

1. Nf3 d5 2. b3 c5 3. Bb2 f6 4. d3 Nc6 5. e3 Bg4 6. Be2 e5 7. Nc3 Nge7 8. Qd2 Be6 9. Na4 b6 10. Nh4 d4 11. Bh5+ g6 12. Bf3 Bh6 13. Qe2 Qd6 14. Bxc6+ Nxc6 15. Qf3 Rc8 16. Nxg6 hxg6 17. Qxf6 Kd7 18. exd4 exd4 19. Bc1 Rce8 20. Kf1 Bxc1 21. Rxc1 Rxh2 22. Rxh2 Qxh2 23. Re1 Qh1+ 0-1

[Event "IECC O email"]
[Site "IECC email"]
[Date "2003.06.19"]
[Round "?"]
[White "Fitterling, Alex"]
[Black "Van der Wal, Paul"]
[Result "0-1"]
[WhiteElo "1185"]
[BlackElo "1200"]
[PlyCount "60"]
[EventDate "2003.??.??"]
[EventType "tourn (corr)"]
[EventRounds "6"]
[SourceTitle "Corr 2008"]
[Source "ChessBase"]
[SourceDate "2008.06.24"]
[SourceVersion "1"]
[SourceVersionDate "2008.06.24"]
[SourceQuality "1"]

1. Nc3 d5 2. e3 e5 3. Nf3 Bg4 4. Be2 e4 5. Ne5 Bxe2 6. Qxe2 c6 7. f3 Bd6 8. f4 Nd7 9. Qh5 Nxe5 10. fxe5 g6 11. Qe2 Bxe5 12. b3 Qh4+ 13. Qf2 Qxf2+ 14. Kxf2 Rd8 15. Rf1 Ne7 16. Rb1 0-0 17. Ba3 Bd6 18. Bxd6 Rxd6 19. b4 f5 20. b5 d4 21. Na4 b6 22. Ke2 dxe3 23. Kxe3 Rfd8 24. Rfd1 Nd5+ 25. Kf2 c5 26. c4 Nf4 27. Kg3 Ne2+ 28. Kf2 Rxd2 29. Rxd2 Rxd2 30. Rb2 Rxb2 0-1

[Event "IECC O email"]
[Site "IECC email"]
[Date "2003.06.02"]
[Round "?"]
[White "Hasidume, Shuji"]
[Black "Fitterling, Alex"]
[Result "0-1"]
[WhiteElo "1310"]
[BlackElo "1200"]
[PlyCount "68"]
[EventDate "2003.??.??"]
[EventType "tourn (corr)"]
[EventRounds "6"]
[SourceTitle "Corr 2008"]
[Source "ChessBase"]
[SourceDate "2008.06.24"]
[SourceVersion "1"]
[SourceVersionDate "2008.06.24"]
[SourceQuality "1"]

1. d4 Nf6 2. c4 d5 3. Nf3 Nc6 4. e3 Bf5 5. Nc3 g6 6. Bd3 Bg7 7. Bxf5 gxf5 8. 0-0 Qd7 9. Ne5 Nxe5 10. dxe5 Ng4 11. Nxd5 Bxe5 12. f4 Bg7 13. h3 Nh6 14. Qb3 0-0-0 15. Bd2 e6 16. Nc3 Qxd2 17. Nb5 Qa5 18. Rfd1 e5 19. Qa3 Qxa3 20. bxa3 a6 21. Nc3 exf4 22. Rxd8+ Rxd8 23. Rc1 fxe3 24. Kf1 Bxc3 25. Rxc3 f4 26. Rc2 Nf5 27. Ke1 Rd3 28. a4 Nd4 29. Rb2 Rc3 30. Kd1 Rxc4 31. a5 c5 32. a3 Ra4 33. Rb6 Rxa5 34. Rd6 Rxa3 0-1